| LEADER 01174nam 2200277 a 4500 |
| 001 13399128033 |
| 003 ULIBM |
| 008 030417s2556 caua sb 001 0 tha |
| 099 ^aว ผม.มธ. 5 2556 |
| 100 0 ^aจุฑารัตน์ จันทรัตน์. |
| 245 10 ^aแนวทางการจัดการความขัดแย้งในการใช้ที่ดินภายในพื้นที่ประวัติศาสตร์ และโบราณสถานของเกาะเมืองพระนครศรีอยุธยา /^cจุฑารัตน์ จันทรัตน์. |
| 246 14 ^aGuidelines for land user conflict management in world heritage and historic area in Ayutthaya /^cJutarat Jantarat. |
| 260 ^aปทุมธานี :^bมหาวิทยาลัยธรรมศาสตร์, ^c2556. |
| 300 ^aหน้าไม่เรียงลำดับ :^bภาพประกอบ,^c29 ซม. |
| 502 ^aสารนิพนธ์ การผังเมืองบัณฑิต, 2556. |
| 650 7 ^aการใช้ที่ดิน^zพระนครศรีอยุธยา. |
| 710 0 ^aจารุณี พิมลเสถียร, ^eอาจารย์ที่ปรึกษา. |
| 856 ^uhttps://digital.library.tu.ac.th/tu_dc/frontend/Search/index/collection:20 ^zเอกสารฉบับเต็ม (ดูรายบทคลิกที่ Bookmarks) |
| 913 ^aImported by ULIBM Administrator |
| 949 ^aImport form external file by ULIBM system |